Dictamen de la Comisión Eclesiástica encargada del arreglo definitivo del clero en España : (Record no. 184774)

MARC details
000 -LEADER
campo de control de longitud fija 00756nam a2200169 i 4500
001 - NÚMERO DE CONTROL
campo de control 184774
003 - IDENTIFICADOR DE NÚMERO DE CONTROL
campo de control ES-MaACL
005 - FECHA Y HORA DE LA ÚLTIMA TRANSACCIÓN
campo de control 20230906222256.0
008 - DATOS DE LONGITUD FIJA--INFORMACIÓN GENERAL
campo de control de longitud fija 151211s1823 sp |||| | spa d
080 ## - NÚMERO DE LA CLASIFICACIÓN DECIMAL UNIVERSAL
Número de la Clasificación Decimal Universal 282(460)"18"
110 1# - ENTRADA PRINCIPAL--NOMBRE DE ENTIDAD CORPORATIVA
Nombre de entidad corporativa o nombre de jurisdicción como elemento de entrada España.
Unidad subordinada Cortes (1820-1823).
-- Comisión Eclesiástica.
9 (RLIN) 158346
245 10 - MENCIÓN DEL TÍTULO
Título Dictamen de la Comisión Eclesiástica encargada del arreglo definitivo del clero en España :
Resto del título impreso de orden de las Cortes.
260 ## - PUBLICACIÓN, DISTRIBUCIÓN, ETC.
Lugar de publicación, distribución, etc. Madrid :
Nombre del editor, distribuidor, etc. [s.n.],
Fecha de publicación, distribución, etc. 1823 (
Fabricante Imp. de Tomás Albán y Compañía)
300 ## - DESCRIPCIÓN FÍSICA
Extensión 47 p. ;
Dimensiones 21 cm.
650 #4 - PUNTO DE ACCESO ADICIONAL DE MATERIA--TÉRMINO DE MATERIA
Término de materia o nombre geográfico como elemento de entrada Clero-
Subdivisión geográfica España-
Subdivisión cronológica S.XIX.
9 (RLIN) 11117
852 4# - LOCALIZACIÓN
Ubicación ES-MaACL
Número de control de estantería T-139-F-10
Nota libre - Enc. en un vol. facticio, falto de cub. original
-- - Anotaciones ms. en los márgenes
-- - Donat. Gallardo
Holdings
Estatus retirado Estado de pérdida Estado de daño No para préstamo Colección Biblioteca de origen Biblioteca actual Ubicación en estantería Fecha de adquisición Fuente de adquisición Total de préstamos Signatura topográfica completa Código de barras Visto por última vez Precio de reemplazo Tipo de ítem Koha
        Colección de folletos Biblioteca del Ateneo de Madrid Biblioteca del Ateneo de Madrid Depósito folletos 11/12/2015     T-139-F-10 1194568 23/02/2023 23/02/2023 Folleto